Introduction to Modern Physics (Record no. 14769)

MARC details
000 -LEADER
fixed length control field 00390nam a2200169Ia 4500
008 - FIXED-LENGTH DATA ELEMENTS--GENERAL INFORMATION
fixed length control field 230524s9999 xx 000 0 und d
082 ## - DEWEY DECIMAL CLASSIFICATION NUMBER
Classification number 539
Item number MAN
100 ## - MAIN ENTRY--AUTHOR NAME
Personal name H.S.Mani
245 #0 - TITLE STATEMENT
Title Introduction to Modern Physics
250 ## - EDITION STATEMENT
Edition statement 1ST
260 ## - PUBLICATION, DISTRIBUTION, ETC. (IMPRINT)
Place of publication NEW DELHI
Name of publisher AEW P
Year of publication 2003
300 ## - PHYSICAL DESCRIPTION
Number of Pages 443
500 ## - GENERAL NOTE
General note Quantity Number: 3
650 ## - SUBJECT ADDED ENTRY--TOPICAL TERM
Topical Term Physics
700 ## - ADDED ENTRY--PERSONAL NAME
Personal name G.K.Mehta
942 ## - ADDED ENTRY ELEMENTS (KOHA)
Koha item type Books
Holdings
Lost status Damaged status Permanent Location Current Location Shelving location Date acquired Full call number Accession Number Koha item type
    Central Library, Trident Academy of Technology Central Library, Trident Academy of Technology General Stacks 05/24/2023 539 MAN 5906 Books
    Central Library, Trident Academy of Technology Central Library, Trident Academy of Technology General Stacks 05/24/2023 539 MAN 5907 Books
    Central Library, Trident Academy of Technology Central Library, Trident Academy of Technology General Stacks 05/24/2023 539 MAN 5908 Books
Trident Academy of Technology © 2023.
All rights reserved.                                                                                                                                                                                                        Designed by Team of Central Library .

Powered by Koha